Of a fire on the moon

Guardat en:
Dades bibliogràfiques
Autor principal: Mailer, Norman (autor)
Format: Llibre
Idioma:anglès
Publicat: Nueva York New American Library 1971
Col·lecció:Signet Book
Matèries:
Etiquetes: Afegir etiqueta
Sense etiquetes, Sigues el primer a etiquetar aquest registre!

MARC

LEADER 00000nam a2200000 a 4500
001 UCQ4824
003 CL-VaPUC
008 980910e19710000US |||||||||||||||||eng|d
082 0 4 |a 813  |b MAI  |2 21 
100 |a Mailer, Norman  |e autor  |9 599558 
245 1 0 |a Of a fire on the moon 
300 |a 414 p 
942 |c BK 
945 |d 19980910 00:00:00  |a crobeson 
260 |a Nueva York  |b New American Library  |c 1971 
650 0 |a Novelas estadounidenses  |9 265217 
650 0 |a Literatura estadounidense  |9 317168 
583 |a last modification  |c 19980910 00:00:00  |k Rodrigo Vera 
490 0 |a Signet Book 
999 |c 275124  |d 275122 
952 |0 0  |1 0  |4 0  |6 813_000000000000000_MAI_1971  |7 0  |8 A  |9 311674  |a BIBEDU  |b BIBEDU  |d 2019-11-20  |i 1465961  |o 813 MAI 1971  |p 1465961  |r 2019-11-20  |w 2019-11-20  |y BK  |k LIT 
952 |0 0  |1 0  |4 0  |6 813_000000000000000_MAI_1971  |7 0  |8 A  |9 311675  |a BIBEDU  |b BIBEDU  |d 2019-11-20  |i 146597K  |o 813 MAI 1971  |p 146597K  |r 2019-11-20  |w 2019-11-20  |y BK  |k LIT